[Event "CSR-ch"]
[Site "Trinec"]
[Date "1988.??.??"]
[Round "6"]
[White "Dobrovolsky, Ladislav"]
[Black "Pekarek, Ales"]
[Result "1-0"]
[WhiteElo "2405"]
[BlackElo "2455"]

1.e4 c5 2.Nf3 Nc6 3.Nc3 g6 4.d4 cxd4 5.Nxd4 Bg7 6.Be3 Nf6 7.Bc4 O-O 8.Bb3 a5
9.f3 d5 10.Nxc6 bxc6 11.O-O e6 12.Bc5 Re8 13.Ba4 Nd7 14.Bf2 Rb8 15.Bxc6 Rxb2
16.Na4 Rb8 17.Rb1 Rxb1 18.Qxb1 d4 19.Qb5 Rf8 20.Bg3 f5 21.Bd6 Rf7 22.e5 Bh6
23.f4 g5 24.Qc4 Nf8 25.Rb1 gxf4 26.Bf3 Bd7 27.Nc5 a4 28.Kf1 Bg7 29.Rb8 Qa5
30.Nxd7 Qd2 31.Rb1 Nxd7 32.Qxe6 Qxc2 33.Rd1 Nb6 34.Bh5 Qc4+ 35.Qxc4 Nxc4
36.Bxf7+ Kxf7 37.Rxd4 Ne3+ 38.Ke2 Nxg2 39.Rxa4 Ke6 40.Ra7 Bxe5 41.Bxe5 Kxe5
42.Rxh7 Ne3 43.Re7+ Kd4 44.h4  1-0

[Event "CSR-ch"]
[Site "Trinec"]
[Date "1988.??.??"]
[Round "10"]
[White "Dobrovolsky, Ladislav"]
[Black "Nun, Jiri"]
[Result "0-1"]
[WhiteElo "2405"]
[BlackElo "2475"]

1.e4 c5 2.Nf3 Nc6 3.Nc3 Nf6 4.g3 g6 5.Bg2 Bg7 6.O-O O-O 7.d3 d5 8.exd5 Nxd5
9.Bd2 Nc7 10.Qc1 Re8 11.Bh6 Bh8 12.Ng5 Nd4 13.Re1 f6 14.Nf3 Nf5 15.Bd2 b6
16.Ne4 Bb7 17.a4 a5 18.h4 Bd5 19.Nc3 Bf7 20.Nh2 Nd5 21.Ng4 Rc8 22.Be4 Bg7
23.Nh6+ Bxh6 24.Bxh6 Nd4 25.Qd2 Nb4 26.Rac1 Qd7 27.Bg2 Qf5 28.Qd1 Rcd8 29.Ne4 Nbxc2
30.Rxc2 Bb3 31.Ree2 c4 32.g4 Qd7 33.Red2 cxd3 34.Rxd3 Bxc2 35.Qd2 Bxd3 36.Qxd3 Qxg4
37.Qc4+ Kh8 38.Qf7 Ne2+ 39.Kf1 Rd1+  0-1

[Event "Vilnius"]
[Site "Vilnius"]
[Date "1988.??.??"]
[Round "?"]
[White "Serper, Grigory"]
[Black "Malisauskas, Vidmantas"]
[Result "1/2-1/2"]
[WhiteElo "2450"]
[BlackElo "2390"]

1.e4 c5 2.Nc3 Nc6 3.Nge2 e5 4.Nd5 g6 5.Nec3 a6 6.a4 Bg7 7.Bc4 Nge7 8.d3 Nxd5
9.Nxd5 d6 10.O-O O-O 11.c3 Kh8 12.f4 f5 13.exf5 Bxf5 14.fxe5 Nxe5 15.Bf4 b5
16.axb5 axb5 17.Rxa8 Qxa8 18.Bxe5 Bxe5 19.Bb3 Qd8 20.Ne3 Bd7 21.Rf3 Bc6 22.Bd5 Bxd5
23.Nxd5 Kg7 24.Rxf8 Qxf8 25.d4 cxd4 26.cxd4 Bf6 27.Nxf6 Qxf6 28.Qg4 h5  1/2-1/2

[Event "Warsaw"]
[Site "Warsaw"]
[Date "1988.??.??"]
[Round "11"]
[White "Briestensky, Rastislav"]
[Black "Baumbach, Friedrich"]
[Result "1-0"]
[WhiteElo "2245"]
[BlackElo "2315"]

1.e4 c5 2.Nf3 Nc6 3.Nc3 g6 4.g3 Bg7 5.Bg2 d6 6.O-O e5 7.d3 Nge7 8.Ng5 h6
9.Nh3 Be6 10.f4 Qd7 11.Nf2 O-O 12.Be3 Nd4 13.Qd2 Kh7 14.Ncd1 Rab8 15.fxe5 Bxe5
16.c3 Ndc6 17.d4 cxd4 18.cxd4 Bc4 19.dxe5 Bxf1 20.Qxd6 Qxd6 21.exd6 Bxg2
22.dxe7 Rfe8 23.Kxg2 Rxe7 24.Nc3 Rd8 25.h4 f5 26.Bf4 fxe4 27.Ncxe4 Kg7 28.Rc1 Rd5
29.Nc3 Ra5 30.Rd1 g5 31.hxg5 hxg5 32.Bd6 Re6 33.Nfe4 b5 34.Bc7 Ra6 35.Nc5  1-0

[Event "Warsaw"]
[Site "Warsaw"]
[Date "1988.??.??"]
[Round "13"]
[White "Sobura, Henryk"]
[Black "Szypulski, Andrzej"]
[Result "1/2-1/2"]
[WhiteElo "2365"]
[BlackElo "2350"]

1.e4 c5 2.Nc3 Nc6 3.Nge2 e6 4.g3 Nf6 5.Bg2 d6 6.d4 cxd4 7.Nxd4 Bd7 8.O-O Be7
9.Nxc6 Bxc6 10.a4 O-O 11.Be3 a6 12.a5 Nd7 13.Na4 Qc7 14.Nb6 Rae8 15.c4 Nxb6
16.Bxb6 Qc8 17.Qe2 f5 18.exf5 Bxg2 19.Kxg2 Rxf5 20.Rfe1 Qc6+ 21.Qe4 Qxe4+
22.Rxe4 Bf6  1/2-1/2

[Event "Zuerich op"]
[Site "Zuerich"]
[Date "1988.??.??"]
[Round "3"]
[White "Gobet, Fernand"]
[Black "Georges, Sacha"]
[Result "1/2-1/2"]
[WhiteElo "2405"]
[BlackElo "2240"]

1.e4 c5 2.Nf3 Nc6 3.Nc3 d6 4.d4 cxd4 5.Nxd4 Nf6 6.Bc4 e6 7.Be3 a6 8.Qe2 Qc7
9.O-O-O Na5 10.Bd3 b5 11.Bg5 Be7 12.f4 b4 13.Nb1 e5 14.Nf5 Bxf5 15.exf5 b3
16.Nc3 bxa2 17.Nxa2 Nb3+ 18.Kb1 Nd4 19.Qd2 O-O 20.g4 exf4 21.Bxf4 Rfb8 22.g5 Qb6
23.c3 Nf3 24.Qc2 Nd5 25.f6 Nxf4 26.Bxh7+ Kh8 27.Be4 Nxg5 28.Bxa8 Bxf6 29.h4 Ngh3
30.Bf3 Nf2 31.Rhf1 Nxd1 32.Bxd1 Nd5 33.Rf5 Ne3 34.Rh5+ Kg8 35.Qh7+ Kf8 36.Nb4 a5
37.Qh8+ Ke7 38.Qxb8 Qxb8 39.Nc6+ Ke6 40.Nxb8 Nxd1 41.Rxa5 Bxh4 42.Kc2 Ne3+
43.Kd3 Bd8 44.Ra1 Nd5 45.Re1+ Kf5 46.Nc6 Nf4+ 47.Kc4 d5+ 48.Kb5 Bf6 49.Ne7+ Kg4
50.Kc6 d4 51.Ng8 dxc3 52.Nxf6+ gxf6 53.bxc3 f5 54.Rg1+ Kf3 55.c4 Ne6 56.Kd6 f4
57.Ra1 Ke2 58.Ra7 Ng5 59.Ra2+ Ke3 60.Kd5 f3 61.Ra3+  1/2-1/2

[Event "Zuerich op"]
[Site "Zuerich"]
[Date "1988.??.??"]
[Round "5"]
[White "Giertz, Niklaus"]
[Black "Tatai, Stefano"]
[Result "0-1"]
[WhiteElo "2085"]
[BlackElo "2365"]

1.e4 c5 2.Nc3 Nc6 3.Nge2 g6 4.d4 cxd4 5.Nxd4 Bg7 6.Nde2 d6 7.h3 a6 8.a4 Rb8
9.g3 Nf6 10.Bg2 O-O 11.O-O b5 12.axb5 axb5 13.Nd5 Nd7 14.Ra2 e6 15.Ne3 Nc5
16.Bd2 b4 17.b3 Ba6 18.Re1 Qc7 19.Nf1 Ra8 20.Nc1 Bb5 21.Rxa8 Rxa8 22.Bf4 Nb7
23.Be3 Ra1 24.Nd2 Bb2 25.Nf3 Nc5 26.Bf4 e5 27.Bd2 Ne6 28.Bf1 Bxf1 29.Kxf1 Ncd4
30.Nxd4 Nxd4 31.Bxb4 Rxc1  0-1

[Event "Aosta op"]
[Site "Aosta"]
[Date "1989.??.??"]
[Round "?"]
[White "Delaney, John"]
[Black "Nicevski, Risto"]
[Result "1-0"]
[WhiteElo "2315"]
[BlackElo "2395"]

1.e4 c5 2.Nc3 Nc6 3.Nf3 d6 4.d4 cxd4 5.Nxd4 Nf6 6.Bc4 Qb6 7.Nxc6 bxc6 8.O-O g6
9.Be3 Qxb2 10.Bd4 Qb4 11.Bxf6 exf6 12.Qd4 Be6 13.Nd5 Qc5 14.Nc7+ Kd7 15.Bxe6+ Kxc7
16.Qxf6 fxe6 17.Qxh8 Qe5 18.Qxe5 dxe5 19.Rfd1 Bc5 20.Kf1 g5 21.h3 Rf8 22.f3 h5
23.Ke2 g4 24.hxg4 hxg4 25.Rh1 gxf3+ 26.gxf3 Rg8 27.Rh7+ Kb6 28.Rb1+ Ka5 29.Rc7 Rg2+
30.Kd3 Rf2 31.Rxc6 Rxf3+ 32.Kc4  1-0

[Event "ARG-ch sf"]
[Site "ARG"]
[Date "1989.??.??"]
[Round "?"]
[White "Garbarino, Rodolfo"]
[Black "Szmetan, Jorge"]
[Result "0-1"]
[WhiteElo "2345"]
[BlackElo "2420"]

1.e4 c5 2.Nf3 Nc6 3.Nc3 Nf6 4.d4 cxd4 5.Nxd4 e5 6.Ndb5 d6 7.Bg5 a6 8.Na3 b5
9.Bxf6 gxf6 10.Nd5 Bg7 11.c3 f5 12.exf5 Bxf5 13.Nc2 O-O 14.Nce3 Be6 15.Bd3 f5
16.Qh5 e4 17.Bc2 Be5 18.f4 Bg7 19.O-O b4 20.Kh1 bxc3 21.bxc3 Rb8 22.Rad1 Rb2
23.Bb3 Na5 24.Nc4 Nxc4 25.Bxc4 Qd7 26.Qg5 Kh8 27.Rfe1 Qf7 28.Bb3 Rxb3 29.axb3 Bxd5
30.c4 Be6 31.Rxd6 a5 32.Red1 h6 33.Qh4 Kh7 34.Ra6 e3 35.Qe1 Re8 36.Rxa5 Bc8
37.Qe2 Bc3 38.Rad5 Bd2 39.Ra1 Rg8  0-1

[Event "AUT-ch"]
[Site "?"]
[Date "1989.??.??"]
[Round "2"]
[White "Deutsch, Ludwig"]
[Black "Kaspret, Guido"]
[Result "1/2-1/2"]
[WhiteElo "2265"]
[BlackElo "2320"]

1.e4 c5 2.Nf3 Nc6 3.Nc3 g6 4.d4 cxd4 5.Nxd4 Bg7 6.Be3 d6 7.Qd2 Nf6 8.f3 O-O
9.Bc4 Bd7 10.Bb3 Nxd4 11.Bxd4  1/2-1/2

[Event "AUT-ch"]
[Site "?"]
[Date "1989.??.??"]
[Round "2"]
[White "Wittmann, Walter"]
[Black "Lendwai, Reinhard"]
[Result "1/2-1/2"]
[WhiteElo "2400"]
[BlackElo "2340"]

1.e4 c5 2.Nc3 Nc6 3.Nge2 d6 4.d4 cxd4 5.Nxd4 Nf6 6.Bc4 e6 7.Be3 a6 8.Qe2 Qc7
9.O-O-O Bd7 10.Bb3 Na5 11.g4 b5 12.g5 Nxb3+ 13.Nxb3 b4 14.gxf6 bxc3 15.Bd4 cxb2+
16.Bxb2 gxf6 17.Bxf6 Rg8 18.Rhg1 Rg6 19.Bb2 a5 20.Qd3 a4 21.Nd2 Rc8  1/2-1/2

[Event "AUT-chT"]
[Site "?"]
[Date "1989.??.??"]
[Round "?"]
[White "Felsberger, Alfred"]
[Black "Hanel, Reinhard"]
[Result "1/2-1/2"]
[WhiteElo "2320"]
[BlackElo "2375"]

1.e4 c5 2.Nc3 Nc6 3.Nge2 Nf6 4.d4 cxd4 5.Nxd4 e5 6.Ndb5 d6 7.Bg5 a6 8.Na3 b5
9.Bxf6 gxf6 10.Nd5 f5 11.c3 Bg7 12.exf5 Bxf5 13.Nc2 O-O 14.Be2 Be6 15.O-O f5
16.a4 bxa4 17.Rxa4 a5 18.Bc4 Rb8 19.Ndb4 axb4 20.Bxe6+ Kh8 21.Bd5 bxc3 22.Bxc6 cxb2
23.Na3 Qb6 24.Bd5 Rfc8 25.Bc4 e4 26.g3 e3 27.Qf3 exf2+ 28.Kg2 Re8 29.Bd3 Rf8
30.Rf4 Qc5 31.Nb1 Rbe8 32.Rxf5 Rxf5 33.Qxf5 Qxf5 34.Bxf5 Bd4  1/2-1/2

[Event "Barnsdale YM"]
[Site "Barnsdale"]
[Date "1989.??.??"]
[Round "?"]
[White "Hebden, Mark"]
[Black "Ward, Christopher"]
[Result "1-0"]
[WhiteElo "2455"]
[BlackElo "2370"]

1.e4 c5 2.Nc3 Nc6 3.Nf3 g6 4.d4 cxd4 5.Nxd4 Bg7 6.Nb3 Nf6 7.Be2 O-O 8.O-O d6
9.Kh1 Be6 10.Bg5 h6 11.Bh4 g5 12.Bg3 d5 13.Nc5 Nxe4 14.N3xe4 dxe4 15.Nxe6 fxe6
16.Bg4 Nd4 17.c3 Nf5 18.Qa4 e3 19.Qe4 Qb6 20.fxe3 Kh8 21.Be5 Nxe3 22.Qg6 Rf6
23.Rxf6 exf6 24.Bxf6 Bxf6 25.Qxh6+ Kg8 26.Qg6+ Bg7 27.Bxe6+  1-0

[Event "GMA-qual"]
[Site "Belgorod"]
[Date "1989.??.??"]
[Round "?"]
[White "Kuzmin, Alexey"]
[Black "Khenkin, Igor"]
[Result "1/2-1/2"]
[WhiteElo "2465"]
[BlackElo "2415"]

1.e4 c5 2.Nc3 Nc6 3.Nge2 e5 4.Nd5 Nge7 5.Nec3 Nxd5 6.Nxd5 g6 7.Bc4 Bg7 8.O-O O-O
9.d3 Na5 10.f4 exf4 11.Bxf4 Nxc4 12.dxc4 d6 13.c3 b6 14.Qd3 h5 15.Qg3 h4
16.Qe3 Ba6 17.b3 f6 18.h3 Qd7 19.Bh2 g5 20.Qd2 Kh8 21.Qe2 Rae8 22.Rad1 Kg8
23.Qh5 Qf7 24.Qg4 Bc8 25.Qf3 Re6 26.Qd3 Rfe8 27.Rde1 Bb7 28.Re3 Qg6 29.Rfe1 Qf7
30.Rf1 Qg6 31.Rfe1 Qf7 32.a4 Kh8 33.Kh1 Kg8 34.Kg1 Kh8 35.Qd2 f5 36.exf5 Qxf5
37.Rf1 Qg6 38.Rxe6 Rxe6 39.Nc7 Rf6 40.Re1 g4 41.hxg4  1/2-1/2

[Event "Belgrade (Women)"]
[Site "Belgrade"]
[Date "1989.??.??"]
[Round "5"]
[White "Polihroniade, Elisabeta"]
[Black "Nikolin, Zorica"]
[Result "0-1"]
[WhiteElo "2220"]
[BlackElo "2240"]

1.e4 c5 2.Nf3 Nc6 3.Nc3 Nf6 4.Bb5 Nd4 5.e5 Nxb5 6.Nxb5 Nd5 7.Ng5 e6 8.Ne4 Nc7
9.Nbd6+ Bxd6 10.Nxd6+ Ke7 11.d4 Ne8 12.Qh5 Nxd6 13.exd6+ Kf8 14.dxc5 b6 15.O-O Bb7
16.Be3 Qc8 17.f4 f6 18.Rae1 Qc6 19.Rf2 Rc8 20.b4 Qe4 21.c3 bxc5 22.bxc5 Bc6
23.Rb2 Qg6 24.Qh3 Kf7 25.Bd4 h5 26.Rf2 Be4 27.Qe3 f5 28.Rb2 Rb8 29.Rd2 Rb7
30.c6 Bxc6 31.Bxa7 h4 32.Bc5 h3 33.g3 Be4 34.Bb4 Ra8 35.a3 Rc8 36.Qd4 Qg4
37.Rf2 Bd5 38.Qe3 Rc4 39.Qd2 Ra7 40.Qc2 Ra6 41.Qd2 Ra8 42.Qc2 Ra6 43.Re3 Rac6
44.Qd2 Ra6 45.Re5 Kf6 46.Re1 Qh5 47.Ra1 Rac6 48.a4 Re4 49.a5 Bc4 50.Re1 Rxe1+
51.Qxe1 Kf7 52.Qd2 Ba6 53.Qc1 Rc4 54.Qd2 Qg4 55.Qc1 Rc6 56.Qe1 Rc8 57.Qc1 Rc4
58.Qe1 Re4 59.Qd2 Re3 60.c4 Rb3 61.Bc5 Bxc4  0-1

[Event "Belgrade op"]
[Site "Belgrade"]
[Date "1989.??.??"]
[Round "9"]
[White "Markovic, Miroljub"]
[Black "Vujicic, Mirko"]
[Result "1/2-1/2"]
[WhiteElo "2300"]
[BlackElo "2345"]

1.e4 c5 2.Nf3 Nc6 3.Nc3 g6 4.d4 cxd4 5.Nxd4 Bg7 6.Be3 Nf6 7.Bc4 O-O 8.Bb3 a5
9.a4 Ng4 10.Qxg4 Nxd4 11.Qh4 Nxb3  1/2-1/2

[Event "Benidorm op"]
[Site "Benidorm"]
[Date "1989.??.??"]
[Round "?"]
[White "Jacobs, Byron A"]
[Black "Carlier, Bruno"]
[Result "0-1"]
[WhiteElo "2350"]
[BlackElo "2415"]

1.e4 c5 2.Nc3 Nc6 3.Nge2 d6 4.d4 cxd4 5.Nxd4 Nf6 6.Bg5 Bd7 7.Be2 Qa5 8.Bxf6 gxf6
9.O-O Nxd4 10.Qxd4 Rc8 11.f4 Qc5 12.Qxc5 Rxc5 13.f5 h5 14.Bd3 Bc6 15.a4 Bh6
16.Rf3 a6 17.Rd1 Bg5 18.Bf1 Re5 19.Rd4 Rxf5 20.exf5 Bxf3 21.Kf2 Bc6 22.b4 Bd7
23.Bd3 O-O 24.Nd5 Bxa4 25.h4 Bc1 26.Nxe7+ Kg7 27.Rxd6 Re8 28.Nd5 Bb2 29.c3 Re5
30.Nxf6 Bxc3 31.Nxh5+ Kf8 32.g4 Bxb4 33.Rh6 Be1+ 34.Kf3 Bxh4 35.f6 Bc6+ 36.Kf4 Bg5+
37.Kxe5 Bxh6 38.Ng3 Bc1 39.Ne4 a5 40.Kd4 Bb2+ 41.Kc5 a4  0-1

[Event "Biel op"]
[Site "Biel"]
[Date "1989.??.??"]
[Round "1"]
[White "Flueckiger, Christian"]
[Black "Komljenovic, Davor"]
[Result "0-1"]
[WhiteElo "2245"]
[BlackElo "2470"]

1.e4 c5 2.Nc3 Nc6 3.Nge2 g6 4.d4 cxd4 5.Nxd4 Bg7 6.Nb3 Nf6 7.Be2 d6 8.O-O b6
9.f4 Bb7 10.Bf3 O-O 11.Be3 Rc8 12.Qe2 Qc7 13.Rad1 Nb4 14.a3 Ba6 15.axb4 Bxe2
16.Bxe2 Qb8 17.Bd3 Rxc3 18.bxc3 Qb7  0-1

[Event "Biel op"]
[Site "Biel"]
[Date "1989.??.??"]
[Round "6"]
[White "Gallagher, Joseph G"]
[Black "Muse, Mladen"]
[Result "0-1"]
[WhiteElo "2445"]
[BlackElo "2415"]

1.e4 c5 2.Nf3 Nc6 3.Nc3 e5 4.Bc4 d6 5.d3 Be7 6.O-O Nf6 7.Ng5 O-O 8.f4 exf4
9.Bxf4 h6 10.Nf3 Be6 11.Qd2 d5 12.exd5 Nxd5 13.Bxd5 Bxd5 14.Bxh6 gxh6 15.Qxh6 Be6
16.Ne4 Bf5 17.Rae1 Bg6 18.Ng3 Nd4 19.Ne5 Bg5 20.Qh3 Nxc2 21.Re4 Bxe4 22.Nxe4 f5
23.Rxf5 Qd4+ 24.Nf2 Qe3 25.Rxg5+ Qxg5 26.Qe6+ Kg7 27.Qd7+ Kh8 28.Qh3+ Kg8
29.Qe6+ Kh7 30.Qd7+ Qg7 31.Qh3+ Qh6 32.Qd7+ Kh8 33.g3 Qc1+ 34.Kg2 Ne1+ 35.Kh3 Qh6+  0-1

[Event "Spring op"]
[Site "Budapest"]
[Date "1989.??.??"]
[Round "?"]
[White "Kovalev, Andrei"]
[Black "Kadar, Gabor"]
[Result "1-0"]
[WhiteElo "2475"]
[BlackElo "2305"]

1.e4 c5 2.Nf3 Nc6 3.Nc3 e5 4.Bc4 g6 5.d3 Bg7 6.Be3 d6 7.Ng5 Nh6 8.h4 O-O
9.h5 Ng4 10.Qf3 Qf6 11.hxg6 hxg6 12.Qh3 Bh6 13.Nf3 Nxf2 14.Qxh6 Nxh1 15.Qxh1 Nd4
16.Nd5 Qh8 17.Bh6 Re8 18.Nxd4 exd4 19.Qh4  1-0

[Event "Cannes op"]
[Site "Cannes"]
[Date "1989.??.??"]
[Round "?"]
[White "Hector, Jonny"]
[Black "Wilder, Michael"]
[Result "1/2-1/2"]
[WhiteElo "2485"]
[BlackElo "2540"]

1.e4 c5 2.Ne2 Nc6 3.Nbc3 g6 4.d4 cxd4 5.Nxd4 Bg7 6.Be3 Nf6 7.Bc4 O-O 8.Bb3 Qa5
9.O-O d6 10.h3 Bd7 11.f4 Rac8 12.Qf3 Nxd4 13.Bxd4 Bc6 14.Rad1 b5 15.Qe3 b4
16.e5 Ne8 17.Ne4 Bxe4 18.Qxe4 e6 19.c3 dxe5 20.fxe5 Nc7 21.Qb7 bxc3 22.Bxc3 Qb6+
23.Qxb6 axb6 24.Rd7 Na6 25.Rfxf7 Rxf7 26.Bxe6 Rf8 27.b4 Nb8 28.Rc7 b5 29.a3 Bh6
30.Bd4 Bf4 31.Bd5 Bg3 32.Rb7 Nc6 33.Bc5 Nd8 34.Rxb5 Re8 35.Bxf7+ Nxf7 36.a4 Nxe5
37.Bf2 Bxf2+ 38.Kxf2 Nd3+  1/2-1/2

[Event "Cannes op"]
[Site "Cannes"]
[Date "1989.??.??"]
[Round "?"]
[White "Apicella, Manuel"]
[Black "Palac, Mladen"]
[Result "0-1"]
[WhiteElo "2400"]
[BlackElo "2350"]

1.e4 c5 2.Nf3 Nc6 3.Nc3 Nf6 4.Bb5 g6 5.O-O Bg7 6.Re1 O-O 7.h3 d6 8.d3 e5
9.Bg5 Be6 10.Qd2 Nd4 11.Nxd4 cxd4 12.Nd5 Bxd5 13.exd5 Qb6 14.Bc4 Nd7 15.Rab1 f5
16.a4 f4 17.a5 Qc7 18.f3 Rf5 19.Bh4 g5 20.Bf2 h5 21.b4 Nf6 22.Qe2 Qd7 23.Rbc1 g4
24.Bh4 gxh3 25.gxh3 Nh7 26.Kh2 Bf6 27.Rg1+ Kh8 28.Bxf6+ Rxf6 29.Qf2 Qf7 30.c3 dxc3
31.Rxc3 Rg8 32.d4 Rxg1 33.Qxg1 Rg6 34.Qf2 Rg3 35.dxe5 Ng5 36.Bf1 Qxd5 37.Bg2 dxe5
38.Rc8+ Kg7 39.Rc7+ Kf6 40.a6 bxa6 41.Rxa7 Qc6 42.Qe2 Nxf3+ 43.Bxf3 Rxf3
44.Qg2 Kf5 45.Rh7 Ke4 46.Rxh5 Qc3 47.Qg6+ Ke3 48.Rg5 Rf2+ 49.Kh1 Qe1+ 50.Rg1 Qd2
51.Qb6+ Kf3  0-1

[Event "Cannes op"]
[Site "Cannes"]
[Date "1989.??.??"]
[Round "?"]
[White "Apicella, Manuel"]
[Black "Kosten, Anthony C"]
[Result "1-0"]
[WhiteElo "2400"]
[BlackElo "2505"]

1.e4 c5 2.Nf3 Nc6 3.Nc3 d6 4.d4 cxd4 5.Nxd4 Nf6 6.Bc4 e6 7.Be3 a6 8.Qe2 Be7
9.Bb3 Qc7 10.f4 Na5 11.O-O-O b5 12.f5 e5 13.Nf3 O-O 14.Bd5 b4 15.Bxa8 bxc3
16.b3 Qb8 17.Bd5 Qb4 18.Kb1 Nxd5 19.Rxd5 Bb7 20.Rhd1 Bxd5 21.Rxd5 Nc6 22.Bc1 Qb7
23.a3 Rc8 24.g4 Bf8 25.g5 Ne7 26.Rxd6 Nxf5 27.Rxa6 Nd4 28.Nxd4 exd4 29.Ra5 Re8
30.e5 Qh1 31.Qc4 Be7 32.Ra7 Kf8 33.e6 fxe6 34.Qxd4 e5 35.Qd3 g6 36.Qe3 Kg8
37.h4 Bf8 38.Qxc3 Qxh4 39.Qc6 Re7 40.Qd5+ Kg7 41.Qxe5+ Kf7 42.Qd5+  1-0

[Event "Caorle op"]
[Site "Caorle"]
[Date "1989.??.??"]
[Round "5"]
[White "Kostic, Vladimir"]
[Black "Tolnai, Tibor"]
[Result "1/2-1/2"]
[WhiteElo "2335"]
[BlackElo "2490"]

1.e4 c5 2.Nc3 Nc6 3.Nf3 g6 4.g3 Bg7 5.Bg2 d6 6.O-O e5 7.d3 Nge7 8.Bd2 O-O
9.Qc1 Rb8 10.Bg5 f6 11.Bd2 b5 12.Ne2 Be6 13.Nh4 Nd4 14.Nxd4 cxd4 15.c3 dxc3
16.bxc3 d5 17.Be3 Qd7 18.Bc5 Rfd8 19.a4 dxe4 20.dxe4 bxa4 21.Qa3 Nc8 22.Qxa4 Qxa4
23.Rxa4 Bf8 24.Bxf8 Kxf8 25.f4 exf4 26.gxf4 Rb2 27.Rd4 Rxd4 28.cxd4 Bc4 29.Ra1 Ra2
30.Rb1 Nb6 31.d5 Ke7 32.Rd1 a5 33.Rb1 Nd7 34.Rb7 Kd6 35.Bh3 f5 36.Bxf5 gxf5
37.Nxf5+ Kc5 38.Rxd7 Bb5 39.Rc7+ Kb6 40.d6 Rd2 41.Rc3 Rd3 42.Ne7 Rxc3 43.Nd5+ Kc5
44.Nxc3 Bd7 45.e5 Kd4 46.Na4 Kd5 47.Nb6+ Kc6 48.Na4 Kd5 49.Nb6+ Kc6  1/2-1/2

[Event "Cappelle op"]
[Site "Cappelle"]
[Date "1989.??.??"]
[Round "?"]
[White "Jacobs, Byron A"]
[Black "Szekely, Peter"]
[Result "1/2-1/2"]
[WhiteElo "2350"]
[BlackElo "2420"]

1.e4 c5 2.Nc3 Nc6 3.Nge2 e5 4.Nd5 d6 5.Nec3 Be6 6.Bc4 g6 7.d3 Bg7 8.O-O h6
9.f4 exf4 10.Bxf4 a6 11.Ne3 Nf6 12.Bxe6 fxe6 13.Ng4 Nh5 14.Qd2 Qh4  1/2-1/2

[Event "Chianciano tt"]
[Site "Chianciano"]
[Date "1989.??.??"]
[Round "?"]
[White "Martinovic, Slobodan"]
[Black "Palac, Mladen"]
[Result "0-1"]
[WhiteElo "2445"]
[BlackElo "2350"]

1.e4 c5 2.Nf3 Nc6 3.Nc3 Nf6 4.Bb5 g6 5.O-O Bg7 6.h3 O-O 7.e5 Ne8 8.Bxc6 dxc6
9.d3 Nc7 10.Re1 Ne6 11.Ne4 b6 12.Ng3 h6 13.Re4 Nd4 14.Nxd4 cxd4 15.Rh4 g5
16.Re4 f5 17.exf6 exf6 18.f4 c5 19.Qe2 f5 20.Re6 Bxe6 21.Qxe6+ Kh7 22.fxg5 hxg5
23.Nxf5 Qf6 24.Nxg7 Kxg7 25.Qg4 Kg6 26.Kh1 Qf5 27.Qg3 Rae8 28.Bd2 Re2 29.Rd1 Qe5  0-1

[Event "US op"]
[Site "Chicago"]
[Date "1989.??.??"]
[Round "8"]
[White "Reyes, Romuel"]
[Black "Rachels, Stuart"]
[Result "0-1"]
[WhiteElo "2315"]
[BlackElo "2385"]

1.e4 c5 2.Nf3 Nc6 3.Nc3 d6 4.d4 cxd4 5.Nxd4 Nf6 6.Be2 e5 7.Nb3 Be7 8.O-O O-O
9.Kh1 a5 10.a4 Be6 11.f4 Nb4 12.Be3 Rc8 13.Bf3 Bc4 14.Rf2 Qc7 15.Nd2 Be6
16.f5 Bd7 17.g4 h6 18.Rg2 Nh7 19.Rc1 Bg5 20.Nf1 Bc6 21.Rd2 Rfd8 22.Bg2 Qe7
23.Bb6 Bxd2 24.Bxd8 Rxd8 25.Qxd2 Qh4 26.Ne3 Nf6 27.Bf3 Na6 28.Qg2 Nc5 29.b3 h5
30.Rg1 hxg4 31.Nxg4 Nxg4 32.Qxg4 Qxg4 33.Rxg4 Nd7 34.Rg2 Nf6 35.Rd2 Kf8 36.Kg2 Ke7
37.Kg3 g6 38.fxg6 Rg8 39.Rg2 Rxg6+ 40.Kf2 Rh6 41.Kg3 Ke6 42.Rd2 Rg6+ 43.Kf2 Ng4+
44.Bxg4+ Rxg4 45.Ke3 Rh4 46.Rf2 Rh3+ 47.Kd2 b6 48.Re2 d5 49.exd5+ Bxd5 50.Nxd5 Kxd5
51.Rf2 Ke6 52.Ke2 e4 53.Kf1 f5 54.Kg2 Rc3 55.h4 Ke5 56.h5 e3 57.Rf1 Ke4 58.Rc1 f4  0-1

[Event "Clermont Ferrand"]
[Site "Clermont Ferrand"]
[Date "1989.??.??"]
[Round "?"]
[White "Spassky, Boris V"]
[Black "Lautier, Joel"]
[Result "1/2-1/2"]
[WhiteElo "2580"]
[BlackElo "2465"]

1.e4 c5 2.Nc3 Nc6 3.Bb5 Nd4 4.Bc4 g6 5.Nf3 Bg7 6.d3 e6 7.O-O Ne7 8.Nxd4 cxd4
9.Ne2 d5 10.Bb3 dxe4 11.dxe4 Nc6 12.a3 O-O 13.Nf4 b6 14.Nd3 Na5 15.Ba2 Bb7
16.b4 Nc6 17.Rb1 Qd7 18.Bf4 Rac8 19.f3 Rfd8 20.Rf2 Ne7 21.b5 Rc3 22.a4 a5
23.Kh1 Nc8 24.Bd2 Rc7 25.Bf4 Rc3 26.Rd2 Qe7 27.Ne5 Qc5 28.Nd3 Qe7 29.Ne5 Qc5
30.Nd3 Qh5 31.Rb3 Nd6 32.Qe1 Rcc8 33.Re2 Nc4 34.Rb1 g5 35.Bg3 Ne3 36.Bb3 g4
37.Qf2 Kh8 38.Bf4 Bh6 39.Be5+ Bg7 40.Bf4 Bh6 41.Be5+ Bg7 42.Bxg7+ Kxg7 43.Rxe3 dxe3
44.Qxe3 gxf3 45.gxf3 Kf8 46.Rg1 Ke7 47.Rg3 Rd6 48.Kg2 Rc3 49.Rh3 Qg6+ 50.Rg3 Qh5
51.Rh3 Qg6+ 52.Rg3 Qh5 53.Rh3  1/2-1/2

[Event "Copenhagen op"]
[Site "Copenhagen"]
[Date "1989.??.??"]
[Round "3"]
[White "Ciric, Dragoljub M"]
[Black "Thorsteins, Karl"]
[Result "1/2-1/2"]
[WhiteElo "2390"]
[BlackElo "2430"]

1.e4 c5 2.Nf3 Nc6 3.Nc3 d6 4.d4 cxd4 5.Nxd4 Nf6 6.Bc4 e6 7.Bb3 Be7 8.O-O O-O
9.Kh1 Nxd4 10.Qxd4 b6 11.Bg5 h6 12.Bh4  1/2-1/2

[Event "Copenhagen op"]
[Site "Copenhagen"]
[Date "1989.??.??"]
[Round "4"]
[White "Horvath, Tamas"]
[Black "Hartung Nielsen, Jens"]
[Result "1/2-1/2"]
[WhiteElo "2405"]
[BlackElo "2275"]

1.e4 c5 2.Nf3 Nc6 3.Nc3 e6 4.Bb5 d6 5.d4 cxd4 6.Qxd4 Bd7 7.Qd3 Be7 8.Bf4 e5
9.Be3 Nf6 10.Bg5 a6 11.Bc4 Be6 12.Bxf6 Bxf6 13.Nd5 O-O 14.a3 b5 15.Ba2 Rc8
16.O-O Na5 17.Nd2 Bg5 18.Rfd1 Bxd2 19.Rxd2 Nc4 20.Bxc4 Rxc4 21.c3 Bxd5 22.Qxd5 Qc8
23.Rad1 Rc6 24.Qb3 Qc7 25.Rd5 Rb8 26.Qc2 h6 27.Qd2  1/2-1/2

[Event "Copenhagen op"]
[Site "Copenhagen"]
[Date "1989.??.??"]
[Round "6"]
[White "Ciric, Dragoljub M"]
[Black "Holmsgaard, Henrik"]
[Result "1/2-1/2"]
[WhiteElo "2390"]
[BlackElo "2280"]

1.e4 c5 2.Nf3 Nc6 3.Nc3 Nf6 4.Bb5 d6 5.d4 cxd4 6.Qxd4 Bd7 7.Bxc6 Bxc6 8.Bg5 e6
9.O-O-O Be7 10.Rhe1 O-O 11.Kb1 Qa5 12.Qd2 Qb6 13.Nd4 Rfd8 14.f4 h6 15.h4 a5
16.g4 a4 17.f5 a3 18.b3 Qa5 19.Bxf6 Bxf6 20.g5 hxg5 21.hxg5 Bxg5 22.Qxg5 Qxc3
23.Qc1 exf5 24.Re3 Qb2+ 25.Qxb2 axb2 26.exf5 Ra5 27.b4 Ra4 28.a3 Re8 29.Rg3 Be4
30.Kxb2 Re5 31.Rdg1 Bxf5 32.Rxg7+ Kf8 33.Rg8+ Ke7 34.Nxf5+ Rxf5 35.Rb8 Ra7
36.a4 Rxa4 37.Rxb7+ Ke6 38.Kb3 Ra8 39.Rg3 Rc8 40.Rb6 Rf1 41.Re3+ Kd7 42.Rb7+ Kc6
43.Ree7 f5 44.c4 Rf3+ 45.Kc2 Rf2+ 46.Kd3 Rf3+ 47.Kd2 Rf4 48.b5+ Kc5 49.Rbc7+ Rxc7
50.Rxc7+ Kd4 51.Ke2 Rh4 52.Kf3 Rh1 53.b6 Rf1+ 54.Kg3 Rb1 55.b7 Ke4 56.Re7+ Kd4
57.Kf4 d5 58.cxd5 Kxd5 59.Kxf5 Kc6  1/2-1/2

[Event "URS-sf"]
[Site "Daugavpils"]
[Date "1989.??.??"]
[Round "?"]
[White "Dautov, Rustem"]
[Black "Aseev, Konstantin N"]
[Result "1/2-1/2"]
[WhiteElo "2535"]
[BlackElo "2520"]

1.e4 c5 2.Nf3 Nc6 3.Nc3 Nf6 4.d4 cxd4 5.Nxd4 e5 6.Ndb5 d6 7.Bg5 a6 8.Na3 b5
9.Nd5 Qa5+ 10.Bd2 Qd8 11.Bg5 Qa5+ 12.Bd2 Qd8 13.Bg5  1/2-1/2

[Event "DEN-ch"]
[Site "DEN"]
[Date "1989.??.??"]
[Round "?"]
[White "Sorensen, Jan"]
[Black "Berg, Klaus"]
[Result "0-1"]
[WhiteElo "2285"]
[BlackElo "2390"]

1.e4 c5 2.Nf3 Nc6 3.Nc3 g6 4.d4 cxd4 5.Nxd4 Bg7 6.Nde2 Nf6 7.g3 O-O 8.Bg2 d6
9.O-O Rb8 10.a4 a6 11.Nd5 Nxd5 12.exd5 Ne5 13.h3 b5 14.axb5 axb5 15.Ra2 Bb7
16.Bg5 h6 17.Be3 Ra8 18.Rxa8 Qxa8 19.b3 Rc8 20.Qd2 Kh7 21.f4 Nd7 22.f5 g5
23.h4 gxh4 24.f6 Nxf6 25.Bd4 Bxd5 26.Ra1 Qc6 27.Bxf6 Bxf6 28.Qd3+ Kg7  0-1

[Event "Eger op"]
[Site "Eger"]
[Date "1989.??.??"]
[Round "?"]
[White "Levacic, Damir"]
[Black "Schumi, Manfred"]
[Result "1/2-1/2"]
[WhiteElo "2340"]
[BlackElo "2260"]

1.e4 c5 2.Nf3 Nc6 3.Nc3 e5 4.Bc4 Be7 5.d3 d6 6.Ng5 Nh6 7.Qh5 O-O 8.O-O Bg4
9.Qh4 Nd4 10.Bb3 b5 11.h3 Be6 12.Nxe6 fxe6 13.Qh5 b4 14.Bxh6 gxh6 15.Ne2 Nxe2+
16.Qxe2 Rf6 17.f4 exf4 18.Qg4+ Kh8 19.Rxf4 Rxf4 20.Qxf4 Qf8  1/2-1/2

[Event "ESP-ch"]
[Site "ESP"]
[Date "1989.??.??"]
[Round "5"]
[White "De la Villa Garcia, Jesus Maria"]
[Black "Fernandez Aguado, Enrique"]
[Result "1-0"]
[WhiteElo "2430"]
[BlackElo "2380"]

1.e4 c5 2.Nc3 Nc6 3.Nf3 e5 4.Bc4 d6 5.d3 h6 6.Ne2 Nf6 7.c3 Be7 8.Ng3 d5 9.exd5 Nxd5
10.O-O O-O 11.Re1 Be6 12.Nxe5 Nxe5 13.Rxe5 Nxc3 14.Qb3 Bxc4 15.dxc4 Bf6 16.Re1 Qd3
17.Be3 b5 18.bxc3 bxc4 19.Qa4 Rfb8 20.Rac1 Rb2 21.Bxc5 Bxc3 22.Re3 Qd5 23.Ba3  1-0